| 000 | 00669nam a22001937a 4500 | ||
|---|---|---|---|
| 999 |
_c172466 _d172466 |
||
| 005 | 20200205162615.0 | ||
| 010 | _aA-441512 | ||
| 020 |
_c40.00 _a- |
||
| 035 | _aA-441512 | ||
| 037 |
_bDBAD/PUB _a- |
||
| 082 | _a848 | ||
| 100 | _aمو لفہ:جنمے جۓ متر ا ر ما ن | ||
| 245 |
_aمنتخب ا لتز کر ہ _cمو لفہ:جنمے جۓ متر ا ر ما ن |
||
| 246 |
_bMuntakhib Altazkara (Urdu) _aComp.by Janme Jiye Mitr Arman |
||
| 260 |
_aCalcutta _bRais Anwar _c1989 ء |
||
| 270 |
_aUsmania Book Depot,125 ,Rabinder Asrani , _bCalcutta _e700073 _k- _l- |
||
| 300 |
_a256 ص _c22 Cm(Hb) |
||
| 942 |
_2ddc _cUR _h848 _mج ن م |
||